000 00657cam a22002531 4500
001 sa 64005994
003 DLC
005 20260227112036.0
008 900129s1963 ii 000 0 maro
010 _asa 64005994
035 _a(OCoLC)20968820
040 _aDLC
_cWaU
_dDLC
042 _apremarc
043 _aa-ii---
050 0 0 _aDS485.M34
_bD45
100 1 _aDesāī, K. R.
245 1 0 _aCāra kille, cāra nadyā.
260 _c[1963]
300 _a8, 94 p.
_c19 cm.
500 _aIn Marathi.
651 0 _aMaharashtra (India)
_xHistory.
651 0 _aMaharashtra (India)
_xDescription and travel.
650 0 _aRivers
_zIndia
_zMaharashtra.
999 _c59456
_d59456